04700cam a22003614i 4500003000900000005001700009008004100026020001800067035002700085040003300112082001900145100003400164245007800198264005700276300003900333336002100372337002500393338002300418504003600441505373200477526001004209526001004219526001004229526001004239526000804249526000804257526000804265526000804273526000804281526000804289526000804297650003304305PE-LiUPU20250731173401.0150706s2009 miu rb 000 0 spa d a9780825411984 a(Sirsi) i9780825411984 aPE-LiUPUbspacPE-LiUPUerda04a239bC187r2231 aCampbell, Charlie H.,eautor.10aRespuestas a preguntas que hacen los escépticos /cCharlie H. Campbell. 1aGrand Rapids, Michigan :bEditorial Portavoz,c2009. a125 páginas ;c22 centímetros. atext2rdacontent aunmediated2rdamedia avolume2rdacarrier aIncluye notas bibliográficas.0 a"¿Qué evidencia tiene usted de que existe Dios?" -- "¿Qué evidencia tiene usted de que la Biblia es realmente cierta?" -- "¿No ha cambiado la Biblia al traducirse cientos de veces a lo largo de los siglos?" -- "¿Qué hay de los que nunca han oído de Jesús: ¿sufrirán la condenación del infierno?" -- "¿Si Dios es tan amoroso, ¿por qué permite el mal y el sufrimiento?" -- "¿Cómo podemos saber si Jesús siquiera existió?" -- "¿Cómo puede usted decir que Jesús es el único camino al cielo?" -- "¿No fue la deidad de Cristo, un invento de la iglesia durante el siglo IV en el Concilio de Nicea?" -- "¿No le parece injusto y exclusivista que Dios sólo salve a las personas por medio de Jesús?" -- "¿Cómo puede un Dios de amor mandar a alguien al infierno?" -- "¿No se han perdido algunos libros de la Biblia?" -- "¿No existe un conflicto entre el Dios del Antiguo Testamento, que a menudo se presenta como cruel, y el Dios del Nuevo Testamento, que parece tan amoroso?" -- "¿Por qué rechazan los cristianos los escritos apócrifos que se encuentran en la Biblia católica?" -- "¿No es cierto que la Biblia contiene un gran número de contradicciones?" -- "¿No fue escrito el Nuevo Testamento, cientos de años después de que Jesús vivió? : ¿No que lo haría eso indigno de confianza?" -- "¿No contiene la Biblia errores científicos?" -- "¿Cómo sabe usted que el cristianismo es cierto, y no otras religiones como el budismo o el Islam?" -- "¿Qué hay de los homosexuales? ¿Cree usted que se van al infierno?" -- "¿Cómo sabe usted que Jesús se levantó de los muertos?" -- "¿Qué hay de la evolución? ¿no han demostrado las teorías de Darwin que Dios no existe?" -- "Si todo requiere de un creador, como los cristianos parecen sugerir, entonces, ¿quién creó a Dios?" -- "Y bien, si Dios no necesita un creador, (vea la pregunta y respuesta anterior) ¿por qué no podríamos decir que el universo tampoco necesita un creador?" -- "¿Puede Dios hacer una roca tan grande que ni Él mismo puede moverla?¿sí o no?" -- "¿Cómo (o dónde) consiguió Caín a su esposa?" -- "¿Cómo usted puede respaldar una religión que promovería sucesos tales como las cruzadas?" -- "¿Qué hay del Antiguo Testamento, cuando Dios ordenó a Josué y la nación de Israel que recorrieran la tierra de Canaán y destruyeran a todos?¿Cómo se puede creer en un Dios que ordenara algo así?" -- "¿Cree usted que es correcto tratar de imponer sus creencias a otras personas?" -- "¿De dónde vinieron los dinosaurios?¿No vivieron los dinosaurios millones de años antes que el hombre?" -- "¿Por qué no se mencionan los dinosaurios en la Biblia?" -- "¿Cómo pudieron caber los dinosaurios en el arca de Noé? : Si los dinosaurios estuvieron en el arca de Noé, ¿por qué no existen hoy?" -- "¿Cómo pudieron todas las razas con sus diferentes colores de piel, descender de la familia de Noé?" -- "¿No enseñan todas las religiones básicamente lo mismo?" -- "¿No adoran los cristianos al mismo Dios que los musulmanes?" -- "¿Qué le hace a usted pensar que el Corán no es de inspiración divina?" -- "¿Qué le hace a usted pensar que el Libro de Mormón no es digno de confianza?" -- "Si el cristianismo es cierto, ¿por qué no pueden las diferentes denominaciones ponerse de acuerdo respecto a lo qué hay que creer?" -- "¿No hay un montón de hipócritas en la iglesia?" -- "¿Importa realmente lo que una persona crea mientras esta sea sincera?" -- "¿Cómo podría yo ser feliz en el cielo, sabiendo que mis seres amados están en el infierno?" -- "¿Acaso no basta con ser bueno para ir al cielo?". aSEG42 aSEG41 aSEG40 aSEG39 aP94 aP87 aP86 aP85 aP77 aP76 aP3514aApologéticaxMiscelánea.